000 00346 a2200157 4500
001 49813
020 _a8572722106
040 _cAnchieta - Bela Vista
100 _aMachado, Ana Maria
240 1 0 _aO cavaleiro do sonho
_lpor
245 1 0 _aO cavaleiro do sonho
300 _a50
362 0 _a2005
650 4 _aLiteratura juvenil
942 _cBK
999 _c49813
_d49813